000 00397nam a2200145Ia 4500
008 231129s2009||||xx |||||||||||||| ||spa||
020 _a978-958-30-3266-0
040 _bspa
082 _a(i) 843 D657d
100 _aDoinet Mymi
245 0 _aDaniel no quiere salir de su cama
260 _c2009
264 _aBogotá Colombia : Panamericana
942 _2ddc
_cBKS
999 _c8696
_d8696